[Event "AUTO-OPEN-849"]
[Site "http://www.queenalice.com/game.php?id=279602"]
[Date "2007.9.30"]
[Round "1"]
[White "janosik"]
[Black "LucasHenrique"]
[Result "1-0"]
[WhiteElo "2019"]
[BlackElo "1280"]

1. e4 e5 2. d4 exd4 3. Nf3 Nf6 4. e5 Ng4 5. Bc4 Bc5 6. c3 Nc6 7. cxd4 Bb4+ 8.
Nc3 O-O 9. h3 Nxf2 10. Kxf2 d6 11. Re1 Bf5 12. Kg1 dxe5 13. Nxe5 Nxd4 14. Bd3
Bxd3 15. Qxd3 Bc5 16. Bf4 Ne2+ 17. Kh1 Nxf4 18. Qc4 Bd4 19. Rad1 Ne6 20. Nxf7
Qd7 21. Ne5 Qe7 22. Rxd4 Rad8 23. Rxd8 Rxd8 24. Nd3 Rd6 25. Nc5 Kf7 26. Nxe6
Rxe6 27. Nb5 c6 28. Nd4 b5 29. Qxe6+ 1-0

[Event "AUTO-OPEN-864"]
[Site "http://www.queenalice.com/game.php?id=285665"]
[Date "2007.10.13"]
[Round "1"]
[White "LucasHenrique"]
[Black "J_Ricardo"]
[Result "1-0"]
[WhiteElo "1481"]
[BlackElo "1539"]

1. e4 e5 2. Nf3 d6 3. Bc4 h6 4. O-O b6 5. Nc3 Bb7 6. d3 c6 7. Be3 b5 8. Bb3 b4
9. Na4 Nf6 10. c3 bxc3 11. Nxc3 Qd7 12. Rc1 Be7 13. d4 c5 14. dxc5 dxc5 15.
Qxd7+ Nbxd7 16. Rfd1 Nxe4 17. Nxe4 Bxe4 18. Ba4 Bxf3 19. Rxd7 Be4 20. Rd4+ Kf8
21. Rxe4 Bd6 22. Rd1 Rd8 23. Bxc5 Kg8 24. Rxe5 Bxe5 25. Rxd8+ Kh7 26. Rxh8+ Kxh8
27. b4 Bc7 28. Bxa7 Bd6 29. b5 Bc7 30. Bb3 f6 31. b6 Bd6 32. b7 Kh7 33. b8=Q
Bxb8 34. Bxb8 Kg6 35. Bc2+ Kf7 36. a4 Ke7 37. Bf5 Kd8 38. a5 g6 39. Be6 Ke7 40.
a6 Kxe6 41. a7 g5 42. a8=Q Kf5 43. Qa5+ Kg6 44. g4 Kg7 45. Qf5 Kf7 46. Be5 Ke7
47. Qxf6+ 1-0

[Event "AUTO-OPEN-864"]
[Site "http://www.queenalice.com/game.php?id=285666"]
[Date "2007.10.13"]
[Round "1"]
[White "J_Ricardo"]
[Black "LucasHenrique"]
[Result "1-0"]
[WhiteElo "1456"]
[BlackElo "1540"]

1. e4 e5 2. Nf3 Nc6 3. Be2 Nf6 4. d3 h6 5. b3 Bb4+ 6. Bd2 Qe7 7. Bxb4 Qxb4+ 8.
Nbd2 d6 9. a3 Qc3 10. O-O O-O 11. Nb1 Qxa1 12. c3 Qb2 13. Nfd2 d5 14. exd5 Nxd5
15. c4 Nc3 16. Qe1 Nd4 17. Nxc3 Qxa3 18. Bd1 Qd6 19. Qe4 Bf5 20. Qxb7 Rfe8 21.
Nd5 Rec8 22. Ne3 Bxd3 23. Re1 Kh7 24. Ne4 Bxe4 25. Qxe4+ g6 26. Ng4 Re8 27. h3
f5 28. Qb7 fxg4 29. Bxg4 Nc2 30. Rc1 Nb4 31. Qe4 Nd3 32. c5 Qf6 33. Qxd3 Rad8
34. Qc2 Rg8 35. Qe4 Rg7 36. Qb7 c6 37. Qb4 Rd4 38. Qa3 Rd2 39. Rf1 h5 40. Bf3 e4
41. Bxe4 Rf7 42. Bf3 Kh6 43. b4 g5 44. Qe3 Rd5 45. Bxd5 cxd5 46. b5 Re7 47. Qg3
Re5 48. c6 d4 49. c7 Rc5 50. b6 axb6 51. f3 d3 52. Rd1 Qd4+ 53. Kh1 d2 54. Kh2
Rc1 55. c8=R Rxc8 56. f4 Qxf4 57. Qxf4 gxf4 58. Rxd2 Kg5 59. Rf2 b5 60. Rb2 Kh4
61. Rxb5 Rc2 62. Rb4 Kg5 63. Rb5+ Kh4 64. Rb4 Kg5 65. Kg1 Rc1+ 66. Kf2 Rc3 67.
Rb5+ Kf6 68. Rxh5 Kg6 69. Ra5 Kf6 70. h4 Kg6 71. h5+ Kh6 72. Rf5 Ra3 73. Rxf4
Kxh5 74. g3 Kg5 75. Kg2 1-0

[Event "AUTO-OPEN-864"]
[Site "http://www.queenalice.com/game.php?id=285667"]
[Date "2007.10.13"]
[Round "1"]
[White "LucasHenrique"]
[Black "DenisDiaz"]
[Result "1-0"]
[WhiteElo "1293"]
[BlackElo "2070"]

1. e4 c5 2. Nf3 g6 3. Bc4 e6 4. Nc3 Bg7 5. d3 Ne7 6. O-O O-O 7. Bg5 Re8 8. Re1
Qc7 9. Nb5 Qc6 10. Qd2 a6 11. Na3 Bxb2 12. Rab1 Bxa3 13. Ne5 Qd6 14. Qf4 Bb4 15.
Qxf7+ 1-0

[Event "AUTO-OPEN-864"]
[Site "http://www.queenalice.com/game.php?id=285668"]
[Date "2007.10.13"]
[Round "1"]
[White "DenisDiaz"]
[Black "LucasHenrique"]
[Result "0-1"]
[WhiteElo "2034"]
[BlackElo "1249"]

1. d4 d5 2. Bf4 Nc6 3. e3 a6 4. Nf3 Nf6 5. h3 e6 6. a3 Bd6 7. Bxd6 Qxd6 8. Be2
O-O 9. O-O Re8 10. Nbd2 e5 11. dxe5 Nxe5 12. Nxe5 Rxe5 13. c4 Be6 14. cxd5 Rxd5
0-1

[Event "AUTO-INT-666"]
[Site "http://www.queenalice.com/game.php?id=294614"]
[Date "2007.10.28"]
[Round "1"]
[White "xisco"]
[Black "LucasHenrique"]
[Result "1-0"]
[WhiteElo "1638"]
[BlackElo "1502"]

1. e4 e5 2. Nf3 Nc6 3. Nc3 Bb4 4. a3 Bxc3 5. dxc3 Nf6 6. Bc4 Na5 7. Ba2 O-O 8.
O-O d6 9. b4 Nc6 10. Bd2 Re8 11. Ng5 Bg4 12. Qc1 h6 13. Nxf7 Qe7 14. Nxd6+ 1-0

[Event "AUTO-INT-666"]
[Site "http://www.queenalice.com/game.php?id=294615"]
[Date "2007.10.28"]
[Round "1"]
[White "LucasHenrique"]
[Black "xisco"]
[Result "0-1"]
[WhiteElo "1521"]
[BlackElo "1649"]

1. e4 Nf6 2. Nc3 d5 3. d4 dxe4 4. Bc4 b6 5. Nxe4 Nxe4 6. Nf3 Bb7 7. Bf4 e6 8.
O-O Bd6 9. Bxd6 Nxd6 10. Re1 O-O 11. Bd3 Nc6 12. c4 Nb4 13. a3 Nxd3 14. Qxd3
Bxf3 15. Qxf3 Nxc4 16. Ra2 Qd7 17. Rd1 Qd5 18. Rc1 Qxf3 19. gxf3 Nd2 20. Rxc7
Nxf3+ 21. Kg2 Nxd4 22. b4 Nb5 23. Rd7 g6 24. a4 Nc3 25. Ra3 Nd5 0-1

[Event "AUTO-INT-666"]
[Site "http://www.queenalice.com/game.php?id=294630"]
[Date "2007.10.28"]
[Round "1"]
[White "rogervolei"]
[Black "LucasHenrique"]
[Result "1-0"]
[WhiteElo "1742"]
[BlackElo "1423"]

1. e3 d5 2. h3 Nc6 3. a3 e5 4. Bb5 Bd7 5. Nc3 Nf6 6. b4 Bd6 7. d3 O-O 8. Nf3 Re8
9. Bb2 a5 10. g4 e4 11. Nd2 Rb8 12. g5 Ng4 13. hxg4 Qxg5 14. Rg1 Bh2 15. Rg2 Qh4
16. Nxd5 Re7 17. Nxe7+ Kf8 18. Nxc6 bxc6 19. Ba4 h5 20. gxh5 Bd6 21. Bxg7+ Ke7
22. Nxe4 Bh3 23. Bf6+ Ke6 24. Bxh4 Bxg2 25. Qg4+ 1-0

[Event "AUTO-INT-666"]
[Site "http://www.queenalice.com/game.php?id=294631"]
[Date "2007.10.28"]
[Round "1"]
[White "LucasHenrique"]
[Black "rogervolei"]
[Result "0-1"]
[WhiteElo "1460"]
[BlackElo "1826"]

1. e4 e6 2. Nc3 a6 3. Nf3 b5 4. d4 Bb7 5. Bd3 Bb4 6. O-O Bxc3 7. bxc3 d6 8. Re1
h6 9. Bf4 g5 10. Bg3 Nf6 11. Rb1 O-O 12. e5 Nh5 13. c4 c6 14. Nd2 Nxg3 15. fxg3
f6 16. Qh5 Qe7 17. Qg6+ Qg7 18. Rf1 Qxg6 19. Bxg6 Kg7 20. Be4 dxe5 21. dxe5 Nd7
22. exf6+ Rxf6 23. Rxf6 Nxf6 24. Rf1 Nxe4 25. Nxe4 Rf8 26. Rxf8 Kxf8 27. Kf2 Ke7
28. Kf3 c5 29. cxb5 axb5 30. h4 e5 31. hxg5 hxg5 32. Kg4 Bxe4 33. Kxg5 Bxc2 0-1

[Event "Challenge"]
[Site "http://www.queenalice.com/game.php?id=299391"]
[Date "2007.11.6"]
[Round "-"]
[White "FlordeLotus"]
[Black "LucasHenrique"]
[Result "0-1"]
[WhiteElo "1524"]
[BlackElo "1459"]

1. e3 d5 2. d4 Nc6 3. Nd2 e5 4. Ngf3 Bg4 5. b3 exd4 6. exd4 Nxd4 7. h3 Bf5 8.
Nxd4 Qd7 9. Nxf5 Qxf5 10. Bb2 O-O-O 11. Bd3 Qe6+ 12. Qe2 Qxe2+ 0-1

[Event "AUTO-INT-728"]
[Site "http://www.queenalice.com/game.php?id=324796"]
[Date "2007.12.23"]
[Round "1"]
[White "LucasHenrique"]
[Black "Dcar"]
[Result "0-1"]
[WhiteElo "1553"]
[BlackElo "1626"]

1. e4 Nf6 2. Nc3 g6 3. Bc4 Bg7 4. Nf3 O-O 5. O-O d6 6. h3 Nh5 7. d4 Nc6 8. Bg5
Na5 9. Be2 Be6 10. d5 Bc8 11. Nb5 a6 12. Nbd4 c5 13. Nb3 Bxb2 14. Rb1 Bf6 15.
Bh6 Bg7 16. Bxg7 Nxg7 17. Qd2 Nxb3 18. axb3 e6 19. Rfd1 e5 20. c4 Nh5 21. Ng5
Nf4 22. Nf3 Bd7 23. Kh2 b5 24. Bf1 b4 25. g3 Nh5 26. Bg2 a5 27. Qh6 Nf6 28. Ng5
a4 29. Rd3 Kh8 30. Rf3 Ng8 0-1

[Event "AUTO-INT-728"]
[Site "http://www.queenalice.com/game.php?id=324797"]
[Date "2007.12.23"]
[Round "1"]
[White "Dcar"]
[Black "LucasHenrique"]
[Result "1-0"]
[WhiteElo "1658"]
[BlackElo "1489"]

1. Nf3 Nc6 2. g3 Nf6 3. Bg2 e5 4. O-O Bc5 5. Nc3 O-O 6. Na4 Bd6 7. e3 b6 8. b3
Ba6 9. d3 Bb4 10. a3 Bd6 11. Nb2 Rb8 12. Nc4 Re8 13. d4 Rb7 14. dxe5 Bxe5 15.
Nfxe5 Bxc4 16. Nxc4 d5 17. Nb2 a5 18. Nd3 Na7 19. Nf4 c6 20. Bb2 g6 21. Qf3 b5
22. Nd3 Ne4 23. Rad1 b4 24. axb4 axb4 25. Bd4 Nc3 26. Nc5 Rb5 27. Bxc3 Rxc5 28.
Bd4 Rxc2 29. Bxa7 Rb2 30. Bd4 Rxb3 31. Bf6 1-0

[Event "AUTO-INT-728"]
[Site "http://www.queenalice.com/game.php?id=324798"]
[Date "2007.12.23"]
[Round "1"]
[White "LucasHenrique"]
[Black "Number9"]
[Result "1-0"]
[WhiteElo "1490"]
[BlackElo "1714"]

1. e4 c5 2. Nf3 Nf6 3. Nc3 Nc6 4. d4 d5 5. e5 cxd4 6. Nxd4 Nxe5 7. Bg5 e6 8.
Ncb5 a6 9. Nc3 Be7 10. Qe2 Nc4 11. O-O-O 1-0

[Event "AUTO-INT-728"]
[Site "http://www.queenalice.com/game.php?id=324799"]
[Date "2007.12.23"]
[Round "1"]
[White "Number9"]
[Black "LucasHenrique"]
[Result "0-1"]
[WhiteElo "1603"]
[BlackElo "1516"]

1. e4 e5 2. Nf3 Nc6 3. Bb5 Nf6 4. O-O Bc5 5. c3 O-O 6. d4 exd4 7. cxd4 Bb4 8.
Bg5 Re8 9. e5 Be7 10. exf6 Bxf6 11. Bxc6 d5 0-1

[Event "AUTO-INT-728"]
[Site "http://www.queenalice.com/game.php?id=324800"]
[Date "2007.12.23"]
[Round "1"]
[White "LucasHenrique"]
[Black "carpe_diem"]
[Result "0-1"]
[WhiteElo "1510"]
[BlackElo "1583"]

1. e4 c5 2. Nf3 Nc6 3. d4 cxd4 4. Nxd4 Nf6 5. Nc3 e6 6. Nxc6 bxc6 7. Bd2 Bc5 8.
Bc4 d5 9. exd5 cxd5 10. Bb5+ Bd7 11. Bf4 d4 12. Na4 Qa5+ 13. Bd2 Qxb5 14. c3 O-O
15. Nxc5 Qxc5 16. O-O e5 17. Rc1 Bg4 18. Qe1 Rfe8 19. h3 Bh5 20. cxd4 Qxd4 21.
Bc3 Qd5 22. Bb4 Qxa2 23. Rc2 Bg6 24. Rd2 Rab8 25. Bc3 Rbd8 26. b4 Qa3 27. Qe3
Nd5 28. Ra1 Qb3 29. Rb2 Qxc3 30. Qxc3 Nxc3 31. Rxa7 Ne4 32. b5 Nc5 33. b6 Be4
34. f3 Bd5 35. Rb5 Nb7 36. Kf2 g6 37. Ke3 Rd7 38. Kd3 Bxf3+ 39. Kc4 Bxg2 40. Kb4
Red8 41. Rxe5 Bc6 42. Re2 Kg7 43. Rc2 Rd4+ 44. Kb3 Rd3+ 45. Kb4 R8d4+ 46. Rc4
Rxc4+ 47. Kxc4 Be4 48. Kb5 Rd7 0-1

[Event "AUTO-INT-728"]
[Site "http://www.queenalice.com/game.php?id=324801"]
[Date "2007.12.23"]
[Round "1"]
[White "carpe_diem"]
[Black "LucasHenrique"]
[Result "1-0"]
[WhiteElo "1698"]
[BlackElo "1480"]

1. e4 e5 2. Nf3 Nc6 3. Bc4 Nf6 4. Nc3 Bb4 5. d3 O-O 6. O-O Re8 7. Ng5 Bf8 8.
Bxf7+ Kh8 9. Bxe8 Qxe8 10. Be3 b6 11. f4 d6 12. Nd5 Nxd5 13. exd5 Nb4 14. c3
Nxd5 15. Qd2 h6 16. Ne4 Bf5 17. Ng3 Bg6 18. Rae1 Qe6 19. f5 Bxf5 20. Nxf5 Ne7
21. Nxe7 Bxe7 22. d4 Rd8 23. d5 Qg6 24. c4 c5 25. b3 Kg8 26. Qe2 Bh4 27. Bf2 Bg5
28. Bg3 Rf8 29. Rxf8+ Kxf8 30. Rf1+ Kg8 31. Qf2 Kh7 32. Qf5 Qxf5 33. Rxf5 Kg6
34. Rf1 Be3+ 35. Kh1 Kg5 36. h3 g6 37. Bf2 Bf4 38. g3 Bd2 39. Kg2 h5 40. Kf3 Kh6
41. Be3+ Bxe3 42. Kxe3 Kg5 43. Kf3 Kf5 44. Ke3+ Kg5 45. Ke4 h4 46. g4 a6 47. Rf8
b5 48. Rd8 1-0